000 007140000a22002290004500
003 LK-CoMWRAF
005 20231211150058.0
008 230817t1992 ||||| |||| 00| 0 eng d
020 _a0300055838
040 _aLK-CoMWRAF
_dLK-CoMWRAF
_eLK-CoMWRAF
041 _aeng
082 _a305.48
_bAHM
100 _aAhmed, Leila
245 _aWomen and Gender in Islam:
_bhistorical roots of a modern debate
260 _aLondon:
_bYale University press,
_c1992
300 _aviii, 296 p. ; 25 cm.
_bIndex included
650 _aWOMEN-Arab countries--Social conditions
650 _aWomen--. Sexism--Arab countries--History.
650 _aMuslim women--Attitudes
650 _aFeminism--Arab countries.
942 _cBK
999 _c411
_d411